[Event "II. CLANSKA LIGA ZAHOD 2012"]
[Site " Ljubljana"]
[Date "2012.10.26"]
[Round "6.6"]
[White "Pecnik, Primoz"]
[Black "Bernik, Alja"]
[Result "1-0"]
[WhiteElo "1818"]
[BlackElo "1680"]
[PlyCount "79"]
[EventDate "2012.10.26"]
[WhiteTeam "SS KC DR LOJZ KRAIGER LJUBLJANA"]
[BlackTeam "SK KOMENDA"]

1. e4 e5 2. Nc3 Nf6 3. f4 d5 4. fxe5 Nxe4 5. d3 Nxc3 6. bxc3 Be7 7. Nf3 Bg4 8.
d4 Nd7 9. Be2 O-O 10. O-O Nb6 11. Qe1 Bh5 12. Qg3 Bg6 13. Bd3 Bxd3 14. cxd3 Kh8
15. Bd2 c6 16. Rae1 Nd7 17. Bg5 h6 18. Bxe7 Qxe7 19. Nh4 Qg5 20. Qh3 Nb6 21.
Rf5 Qe7 22. Ref1 Kh7 23. R5f2 Rad8 24. Nf5 Qe6 25. Qe3 Nd7 26. Qf3 b6 27. Qg3
Rg8 28. Nh4 Rde8 29. Rxf7 Re7 30. Rxe7 Qxe7 31. Qg6+ Kh8 32. Nf5 Qe8 33. Qxc6
Nb8 34. Qxe8 Rxe8 35. Nd6 Rg8 36. Rf7 a6 37. Nf5 Kh7 38. e6 Nc6 39. e7 b5 40.
Rxg7+ 1-0

[Event "II. CLANSKA LIGA ZAHOD 2012"]
[Site " Ljubljana"]
[Date "2012.10.27"]
[Round "7.1"]
[White "Solmajer, Luka"]
[Black "Biti, Ozren"]
[Result "0-1"]
[WhiteElo "2048"]
[BlackElo "2380"]
[PlyCount "106"]
[EventDate "2012.10.27"]
[WhiteTeam "SS KC DR LOJZ KRAIGER LJUBLJANA"]
[BlackTeam "SD HIDRIA AET TOLMIN"]

1. d4 d6 2. Nf3 Nf6 3. c4 g6 4. Nc3 Bg7 5. e4 O-O 6. Be2 e5 7. d5 a5 8. O-O Na6
9. Ne1 Nc5 10. f3 Nh5 11. Nd3 Nxd3 12. Bxd3 Nf4 13. Be3 c5 14. Qd2 f5 15. exf5
Nxd3 16. Qxd3 gxf5 17. Qd2 Qf6 18. Bg5 Qg6 19. Nb5 Rf7 20. Be3 f4 21. Bf2 Bh3
22. Bh4 e4 23. fxe4 f3 24. Rf2 fxg2 25. Qe3 Rxf2 26. Bxf2 Bd7 27. Qg3 Bxb5 28.
Qxg6 hxg6 29. cxb5 Bxb2 30. Rb1 Be5 31. Rc1 Rf8 32. Kxg2 Bxh2 33. Rc4 Be5 34.
b6 Ra8 35. Bh4 Kf7 36. Rc1 Rh8 37. Rf1+ Kg7 38. Bg3 Bxg3 39. Kxg3 Re8 40. Re1
Kf6 41. Rf1+ Ke5 42. Rf7 Kxe4 43. Rxb7 Kxd5 44. Rc7 Re2 45. b7 Rb2 46. Kf4 Kd4
47. a4 d5 48. Kg5 Rb6 49. Kf4 c4 50. Kf3 Rb2 51. Rg7 Kd3 52. Re7 d4 53. Kf4 c3
0-1

[Event "II. CLANSKA LIGA ZAHOD 2012"]
[Site " Ljubljana"]
[Date "2012.10.27"]
[Round "7.2"]
[White "Vandersmissen, Mathieu"]
[Black "Persl, Bojan"]
[Result "0-1"]
[WhiteElo "2131"]
[BlackElo "2088"]
[PlyCount "57"]
[EventDate "2012.10.27"]
[WhiteTeam "SD HIDRIA AET TOLMIN"]
[BlackTeam "SS KC DR LOJZ KRAIGER LJUBLJANA"]

1. e4 e5 2. Nf3 Nc6 3. Bb5 a6 4. Ba4 Nf6 5. d3 b5 6. Bb3 Be7 7. O-O O-O 8. a4
Bb7 9. Nc3 b4 10. Ne2 d5 11. exd5 Nxd5 12. Ng3 Na5 13. Ba2 b3 14. cxb3 Nb4 15.
Bd2 Qd5 16. Nf5 Bc5 17. Bxb4 Bxb4 18. Re1 Qd7 19. N3h4 Rfd8 20. Qg4 Bf8 21. b4
Kh8 22. bxa5 g6 23. Re3 Bg7 24. Rg3 Bc8 25. Ne3 Qe7 26. Qe4 Rb8 27. Nd5 Rxd5
28. Bxd5 f5 29. Nxg6+ 0-1

[Event "II. CLANSKA LIGA ZAHOD 2012"]
[Site " Ljubljana"]
[Date "2012.10.27"]
[Round "7.3"]
[White "Kodela, Marko"]
[Black "Raspor, Gregor"]
[Result "1-0"]
[WhiteElo "1983"]
[BlackElo "2114"]
[PlyCount "104"]
[EventDate "2012.10.27"]
[WhiteTeam "SS KC DR LOJZ KRAIGER LJUBLJANA"]
[BlackTeam "SD HIDRIA AET TOLMIN"]

1. c4 c5 2. Nf3 Nf6 3. g3 b6 4. Bg2 Bb7 5. O-O e6 6. Nc3 Be7 7. b3 O-O 8. Bb2
d6 9. d4 cxd4 10. Qxd4 Nbd7 11. Rad1 a6 12. Ba3 Nc5 13. Ne1 Bxg2 14. Nxg2 Qb8
15. b4 Ncd7 16. e4 b5 17. Ne3 Rc8 18. Kg2 Ne5 19. cxb5 axb5 20. Bc1 Nc6 21. Qd2
Nxb4 22. a3 Nc6 23. Bb2 Ne5 24. Rb1 Qb7 25. f3 Qa6 26. Na2 Nc4 27. Nxc4 bxc4
28. Nb4 Qa5 29. Bc3 Qc7 30. Ra1 Ne8 31. Rfd1 Rd8 32. h4 Bf6 33. h5 h6 34. Nc2
d5 35. Qe3 Bxc3 36. Qxc3 Nf6 37. e5 Nd7 38. f4 Nb8 39. Qf3 Nc6 40. Kh3 d4 41.
Nxd4 Nxd4 42. Rxd4 Rxd4 43. Qxa8+ Kh7 44. Rb1 Rd8 45. Qe4+ Kg8 46. Rc1 c3 47.
Qe3 Rc8 48. Rc2 Qc6 49. Qc1 Qf3 50. a4 Rc4 51. a5 Rxf4 52. Qxf4 Qxh5+ 1-0

[Event "II. CLANSKA LIGA ZAHOD 2012"]
[Site " Ljubljana"]
[Date "2012.10.27"]
[Round "7.4"]
[White "Ursic, Mateja"]
[Black "Jelen, Ales"]
[Result "1/2-1/2"]
[WhiteElo "2071"]
[BlackElo "1829"]
[PlyCount "71"]
[EventDate "2012.10.27"]
[WhiteTeam "SD HIDRIA AET TOLMIN"]
[BlackTeam "SS KC DR LOJZ KRAIGER LJUBLJANA"]

1. e4 e6 2. d4 d5 3. Nd2 c5 4. exd5 exd5 5. Ngf3 Nc6 6. Bb5 Bd6 7. dxc5 Bxc5 8.
Nb3 Bd6 9. O-O Nge7 10. c3 O-O 11. Bg5 Bg4 12. Be2 Qc7 13. h3 Bh5 14. Nfd4 Bxe2
15. Qxe2 a6 16. Rad1 Rfe8 17. Rfe1 Qd7 18. Qg4 Rad8 19. Qxd7 Rxd7 20. Nf5 Kf8
21. Nxd6 Rxd6 22. Nc5 Nd8 23. Re2 f6 24. Be3 Nf5 25. Rde1 Nxe3 26. Rxe3 Rxe3
27. Rxe3 b5 28. Kf1 Kf7 29. Ke2 Ne6 30. Nxe6 Rxe6 31. f4 Rxe3+ 32. Kxe3 Ke6 33.
Kd4 Kd6 34. b3 Kc6 35. a3 Kd6 36. g3 1/2-1/2

[Event "II. CLANSKA LIGA ZAHOD 2012"]
[Site " Ljubljana"]
[Date "2012.10.27"]
[Round "7.5"]
[White "Pajnhart, Tadej"]
[Black "Anakiev, Dimitar"]
[Result "0-1"]
[WhiteElo "1860"]
[BlackElo "2046"]
[PlyCount "74"]
[EventDate "2012.10.27"]
[WhiteTeam "SS KC DR LOJZ KRAIGER LJUBLJANA"]
[BlackTeam "SD HIDRIA AET TOLMIN"]

1. e4 c5 2. Nf3 e6 3. d4 cxd4 4. Nxd4 Nf6 5. Bd3 d5 6. e5 Nfd7 7. Nf3 Nc6 8.
Qe2 Qc7 9. Bb5 a6 10. Bxc6 bxc6 11. O-O a5 12. Re1 Ba6 13. Qd1 Rb8 14. b3 Bb4
15. Bd2 Bc5 16. Be3 Be7 17. Bd4 O-O 18. Bb2 Rfd8 19. Qc1 Nf8 20. Nbd2 Ng6 21.
c4 Qa7 22. Bd4 Qa8 23. cxd5 cxd5 24. Qb2 a4 25. Rac1 a3 26. Qb1 Rdc8 27. Rxc8+
Rxc8 28. Rc1 Nf4 29. Re1 Qc6 30. b4 Nd3 31. Rd1 Nxb4 32. Nb3 Qc2 33. Qxc2 Rxc2
34. Rd2 Rxa2 35. Rxa2 Nxa2 36. Nfd2 Nb4 37. Na1 Nc6 0-1

[Event "II. CLANSKA LIGA ZAHOD 2012"]
[Site " Ljubljana"]
[Date "2012.10.27"]
[Round "7.6"]
[White "Winkler, Silvo"]
[Black "Pecnik, Primoz"]
[Result "0-1"]
[WhiteElo "1658"]
[BlackElo "1818"]
[PlyCount "104"]
[EventDate "2012.10.27"]
[WhiteTeam "SD HIDRIA AET TOLMIN"]
[BlackTeam "SS KC DR LOJZ KRAIGER LJUBLJANA"]

1. d4 Nf6 2. Nf3 g6 3. c4 c5 4. Nc3 cxd4 5. Nxd4 Bg7 6. g3 Nc6 7. Bg2 O-O 8.
O-O Nxd4 9. Qxd4 d6 10. Qh4 Rb8 11. Bh6 b6 12. Bxg7 Kxg7 13. Ne4 Nxe4 14. Qxe4
Bb7 15. Qd3 Bxg2 16. Kxg2 Qc7 17. Rfd1 Rbc8 18. Rac1 Qb7+ 19. Qf3 Qxf3+ 20.
Kxf3 Rc7 21. Rc3 Rfc8 22. Rdc1 Rc5 23. e4 f6 24. Ke3 Kf7 25. f4 h5 26. h4 f5
27. a4 Ke6 28. Kd4 fxe4 29. Kxe4 Kf6 30. b3 d5+ 31. Kd4 e6 32. Re1 dxc4 33.
bxc4 Rd8+ 34. Ke4 Rd2 35. Kf3 Ra2 36. Rce3 Rc6 37. g4 Rxa4 38. gxh5 gxh5 39.
Re5 Ra3+ 40. Kf2 Rxc4 41. Rxe6+ Kf5 42. R6e5+ Kxf4 43. Re8 Ra2+ 44. Kg1 Kg3 45.
Rg8+ Kxh4 46. Kh1 Rg4 47. Rh8 b5 48. Re5 Rg5 49. Re4+ Kg3 50. Re3+ Kf2 51. Re4
Ra1+ 52. Kh2 Rg2+ 0-1

[Event "II. CLANSKA LIGA ZAHOD 2012"]
[Site " Ljubljana"]
[Date "2012.10.27"]
[Round "7.1"]
[White "Janzelj, Tim"]
[Black "Markoja, Sebastijan"]
[Result "1-0"]
[WhiteElo "2247"]
[BlackElo "2048"]
[PlyCount "85"]
[EventDate "2012.10.27"]
[WhiteTeam "SK IG"]
[BlackTeam "SK KOMENDA"]

1. d4 Nf6 2. c4 g6 3. Nc3 Bg7 4. e4 d6 5. f4 O-O 6. Nf3 Na6 7. Bd3 e5 8. fxe5
dxe5 9. d5 Nc5 10. Bc2 c6 11. O-O cxd5 12. cxd5 Ne8 13. Be3 b6 14. b4 Nb7 15.
Ba4 Bd7 16. Bc6 Ned6 17. Qa4 Bg4 18. Rac1 a6 19. Bxb7 Nxb7 20. Qc6 Qe7 21. Qxb6
Rfb8 22. Bc5 Qd7 23. Qc6 Rc8 24. Qxd7 Bxd7 25. Be7 Rc4 26. Nd2 Rc7 27. d6 Rc6
28. Nd5 Rac8 29. Nb3 f5 30. Rxc6 Rxc6 31. Nc5 Nxc5 32. bxc5 Kf7 33. Nb6 Ke6 34.
exf5+ gxf5 35. Nxd7 Kxd7 36. Rxf5 Ke6 37. Rg5 Bh6 38. Rxe5+ Kxe5 39. d7 Rxc5
40. Bxc5 Bg5 41. Bb6 Ke6 42. d8=Q Bxd8 43. Bxd8 1-0

[Event "II. CLANSKA LIGA ZAHOD 2012"]
[Site " Ljubljana"]
[Date "2012.10.27"]
[Round "7.2"]
[White "Kobold, Andrej"]
[Black "Rozic, Samo"]
[Result "0-1"]
[WhiteElo "1890"]
[BlackElo "2085"]
[PlyCount "84"]
[EventDate "2012.10.27"]
[WhiteTeam "SK KOMENDA"]
[BlackTeam "SK IG"]

1. e4 e6 2. d3 d5 3. Nd2 Nf6 4. g3 b6 5. Bg2 Bb7 6. e5 Nfd7 7. Ngf3 c5 8. O-O
Nc6 9. Re1 Qc7 10. Qe2 g6 11. c3 Bg7 12. Nb3 Ncxe5 13. Ng5 c4 14. Nd4 cxd3 15.
Qe3 Nc5 16. f4 Nc4 17. Ngxe6 fxe6 18. Nxe6 Qd6 19. Nxg7+ Kf7 20. Qd4 d2 21.
Bxd2 Nxd2 22. Rad1 Qf6 23. Bxd5+ Bxd5 24. Qxd5+ Kxg7 25. Qxd2 Rad8 26. Qg2 Rxd1
27. Rxd1 Re8 28. b4 Ne4 29. Rd7+ Kg8 30. Qh3 h5 31. Rc7 Qd6 32. Rd7 Qc6 33. Rd3
Nxc3 34. Qf1 Ne2+ 35. Kf2 Qe4 36. Qd1 Nxf4 37. gxf4 Qxf4+ 38. Kg2 Qxb4 39. Rg3
Qe4+ 40. Kh3 Qe6+ 41. Kh4 Qf5 42. Qb3+ Kh7 0-1

[Event "II. CLANSKA LIGA ZAHOD 2012"]
[Site " Ljubljana"]
[Date "2012.10.27"]
[Round "7.3"]
[White "Hiti, Domen"]
[Black "Leonardi, Caterina"]
[Result "1-0"]
[WhiteElo "2061"]
[BlackElo "1868"]
[PlyCount "57"]
[EventDate "2012.10.27"]
[WhiteTeam "SK IG"]
[BlackTeam "SK KOMENDA"]

1. d4 Nf6 2. c4 g6 3. Nc3 d5 4. Nf3 Bg7 5. e3 O-O $2 6. cxd5 Nxd5 7. Bc4 Nxc3
8. bxc3 c5 9. O-O $2 Nc6 10. Ba3 b6 11. Rc1 Na5 12. Bd3 Bb7 13. dxc5 Bxf3 14.
gxf3 Qd5 15. Be4 Qg5+ 16. Kh1 Rad8 17. Qe2 Qh5 18. Rg1 f5 19. Bb1 b5 20. Bd3 a6
21. c4 bxc4 22. Bxc4+ Nxc4 23. Qxc4+ Kh8 24. Qf4 Rd2 25. c6 Rc8 26. c7 Bf6 27.
Bxe7 Bb2 28. Rb1 Kg8 29. Rg5 1-0

[Event "II. CLANSKA LIGA ZAHOD 2012"]
[Site " Ljubljana"]
[Date "2012.10.27"]
[Round "7.4"]
[White "Unuk, Laura"]
[Black "Zupec, Jan"]
[Result "0-1"]
[WhiteElo "1948"]
[BlackElo "1975"]
[PlyCount "116"]
[EventDate "2012.10.27"]
[WhiteTeam "SK KOMENDA"]
[BlackTeam "SK IG"]

1. d4 Nf6 2. c4 c5 3. d5 b5 4. cxb5 a6 5. bxa6 Bxa6 6. Nc3 d6 7. g3 g6 8. e4
Bxf1 9. Kxf1 Bg7 10. Kg2 Qb6 11. Qe2 Nbd7 12. Be3 O-O 13. Rc1 Rfb8 14. Rc2 Rb7
15. f4 Ne8 16. Nf3 Nc7 17. Nd2 Nb5 18. Nc4 Qa6 19. Nxb5 Qxb5 20. b3 Nb8 21. Bf2
Qd7 22. Rd1 Na6 23. e5 Nc7 24. Rcd2 Qd8 25. h3 Nb5 26. Rc1 Qb8 27. g4 Kh8 28.
Rcc2 Qf8 29. Qd3 f5 30. g5 Nc7 31. Qf3 h5 32. gxh6 Bxh6 33. Be3 Nb5 34. Kh2 Na3
35. Nxa3 Rxa3 36. Rg2 Kh7 37. h4 Qf7 38. e6 Qf6 39. Qg3 Ra8 40. Bc1 Rg8 41. Bb2
Qf8 42. Rc1 Rb4 43. Rf1 Qa8 44. Bc3 Re4 45. Rd2 Qa6 46. Rff2 Qa8 47. Rf1 Qb7
48. Kh1 Qb5 49. Rdf2 Ra8 50. Rg1 Rg8 51. Qh2 Qd3 52. h5 Qxc3 53. hxg6+ Kg7 54.
Qh4 Qf6 55. Qh3 Rh8 56. Rh2 Rxf4 57. a4 Qd4 58. Qg2 Rg4 0-1

[Event "II. CLANSKA LIGA ZAHOD 2012"]
[Site " Ljubljana"]
[Date "2012.10.27"]
[Round "7.5"]
[White "Zupec, Nejc"]
[Black "Kralj, Manca"]
[Result "1/2-1/2"]
[WhiteElo "1870"]
[BlackElo "1784"]
[PlyCount "70"]
[EventDate "2012.10.27"]
[WhiteTeam "SK IG"]
[BlackTeam "SK KOMENDA"]

1. d4 d5 2. Nf3 Nf6 3. Bf4 Bf5 4. c4 dxc4 5. Qa4+ c6 6. Qxc4 e6 7. e3 Bd6 8.
Bxd6 Qxd6 9. Be2 Nbd7 10. O-O O-O 11. Nbd2 Rac8 12. Qa4 a6 13. Qb3 Rc7 14. Rac1
Rfc8 15. Nc4 Qe7 16. Nfe5 c5 17. Nxd7 Nxd7 18. Nb6 Nxb6 19. Qxb6 cxd4 20. Rxc7
Rxc7 21. Qxd4 Rc2 22. Bf3 Qc7 23. Bxb7 Rc4 24. Qd1 Rh4 25. g3 Rb4 26. Bxa6 Rxb2
27. a4 Bh3 28. Re1 h6 29. Qf3 Bf5 30. e4 Qa5 31. Rc1 Qxa4 32. exf5 Qxa6 33. Re1
Rb6 34. Qh5 Qa5 35. Qd1 exf5 1/2-1/2

[Event "II. CLANSKA LIGA ZAHOD 2012"]
[Site " Ljubljana"]
[Date "2012.10.27"]
[Round "7.6"]
[White "Bernik, Alja"]
[Black "Janzelj, Lara"]
[Result "0-1"]
[WhiteElo "1680"]
[BlackElo "1775"]
[PlyCount "70"]
[EventDate "2012.10.27"]
[WhiteTeam "SK KOMENDA"]
[BlackTeam "SK IG"]

1. e4 d5 2. exd5 Qxd5 3. Nc3 Qd6 4. d4 Nf6 5. h3 c6 6. Nf3 g6 7. Be3 Bg7 8. Qd2
O-O $2 9. O-O-O b5 10. Bf4 Qd8 11. Ne5 Qb6 12. g4 a5 13. Bh6 a4 14. Bxg7 Kxg7
15. g5 Nfd7 16. Ne4 Nxe5 17. dxe5 Na6 18. h4 Bf5 19. Bg2 a3 20. b3 Rad8 21. Qe2
Nb4 22. Kb1 Nd5 23. Qe1 b4 24. Rc1 Bxe4 25. Bxe4 Nc3+ 26. Ka1 Qd4 27. Qe3 Qxe3
28. fxe3 Nxe4 29. Rcd1 Nc3 30. Rc1 Rd2 31. h5 Rfd8 32. hxg6 hxg6 33. Rhe1 Ne2
34. Rb1 Rxc2 35. Rbd1 Nc3 0-1

[Event "II. CLANSKA LIGA ZAHOD 2012"]
[Site " Ljubljana"]
[Date "2012.10.27"]
[Round "7.1"]
[White "Oberc, Marjan"]
[Black "Plenca, Julijan"]
[Result "0-1"]
[WhiteElo "2049"]
[BlackElo "2327"]
[PlyCount "94"]
[EventDate "2012.10.27"]
[WhiteTeam "SK TRZIN"]
[BlackTeam "MATRIKA ZVO - SD STARI TRG OB KOLPI"]

1. e4 c5 2. Nf3 d6 3. d4 cxd4 4. Nxd4 Nf6 5. Nc3 g6 6. f4 Nbd7 7. Be2 Bg7 8.
O-O O-O 9. Bf3 Qb6 10. Na4 Qa5 11. Nc3 Nb8 12. Be3 Nc6 13. Nd5 Qd8 14. c3 Bd7
15. Kh1 Ne8 16. Qb3 Na5 17. Qb4 e6 18. Ne7+ Kh8 19. e5 d5 20. b3 Rb8 21. c4 Nc6
22. Nexc6 bxc6 23. Qc5 Qb6 24. Nc2 Qd8 25. Nd4 Rb6 26. Rac1 f6 27. Bg4 f5 28.
Be2 Rf7 29. g4 Bf8 30. Qa5 c5 31. Nf3 d4 32. Ng5 Rg7 33. Bf2 h6 34. Nf3 fxg4
35. Nd2 h5 36. Kg1 Bc6 37. Bd3 Nc7 38. Be4 Ra6 39. Qxa6 Nxa6 40. Bxc6 Nb4 41.
Be4 Nxa2 42. Ra1 Nc3 43. Ra6 h4 44. Rfa1 Ne2+ 45. Kf1 Nxf4 46. Rxa7 Qg5 47.
Rxg7 Bxg7 0-1

[Event "II. CLANSKA LIGA ZAHOD 2012"]
[Site " Ljubljana"]
[Date "2012.10.27"]
[Round "7.2"]
[White "Juranic, Bruno"]
[Black "Rojs, Igor"]
[Result "1-0"]
[WhiteElo "2189"]
[BlackElo "1978"]
[PlyCount "67"]
[EventDate "2012.10.27"]
[WhiteTeam "MATRIKA ZVO - SD STARI TRG OB KOLPI"]
[BlackTeam "SK TRZIN"]

1. e4 d6 2. d4 Nf6 3. Nc3 g6 4. g3 Bg7 5. Bg2 e5 6. Nge2 Nc6 7. h3 Nh5 8. g4
Nf6 9. Be3 Nd7 10. d5 Ne7 11. Ng3 Nb6 12. Qe2 c5 13. a4 a6 14. O-O O-O 15. f4
f6 16. h4 Nd7 17. f5 b6 18. Bh3 Nb8 19. g5 Kh8 20. Rf2 Ng8 21. Rh2 Ne7 22. Rf1
Kg8 23. Bg4 gxf5 24. Bxf5 Nxf5 25. exf5 Ra7 26. Nce4 Raf7 27. g6 Rb7 28. h5
hxg6 29. hxg6 Qe7 30. Rh7 Qe8 31. Qh5 Qxa4 32. Bh6 Qd4+ 33. Kg2 Bxf5 34. Rxf5
1-0

[Event "II. CLANSKA LIGA ZAHOD 2012"]
[Site " Ljubljana"]
[Date "2012.10.27"]
[Round "7.3"]
[White "Jukan, Nesib"]
[Black "Kobe, Uros"]
[Result "1/2-1/2"]
[WhiteElo "1975"]
[BlackElo "2192"]
[PlyCount "95"]
[EventDate "2012.10.27"]
[WhiteTeam "SK TRZIN"]
[BlackTeam "MATRIKA ZVO - SD STARI TRG OB KOLPI"]

1. d4 Nf6 2. Nf3 g6 3. c4 d5 4. cxd5 Bg7 5. Nc3 Nxd5 6. e4 Nxc3 7. bxc3 c5 8.
Bc4 O-O 9. O-O Bg4 10. Be3 cxd4 11. cxd4 Nc6 12. Rb1 Qc7 13. Be2 Bxf3 14. Bxf3
Bxd4 15. Bxd4 Rfd8 16. Qb3 Nxd4 17. Qxb7 Nxf3+ 18. gxf3 Qf4 19. Rb3 Qg5+ 20.
Kh1 a5 21. Qc7 Rac8 22. Qg3 Qd2 23. a3 Qe2 24. Kg2 Rc5 25. Re3 Qb2 26. f4 a4
27. Rfe1 Rb5 28. Rf3 Rb3 29. Ree3 Rdb8 30. f5 Rxe3 31. Rxe3 Rb3 32. fxg6 hxg6
33. h4 Qxa3 34. Qb8+ Rxb8 35. Rxa3 Rb4 36. f3 Kg7 37. Kf2 Kh6 38. Kg3 e5 39.
Rd3 Rb7 40. Ra3 Rb4 41. Rd3 Rb5 42. Ra3 Ra5 43. Kf2 Kh5 44. Kg3 f5 45. Kh3 f4
46. Ra2 a3 47. Ra1 a2 48. Rxa2 1/2-1/2

[Event "II. CLANSKA LIGA ZAHOD 2012"]
[Site " Ljubljana"]
[Date "2012.10.27"]
[Round "7.4"]
[White "Baric, Dusan"]
[Black "Markic, Vladimir"]
[Result "1-0"]
[WhiteElo "2051"]
[BlackElo "1763"]
[PlyCount "71"]
[EventDate "2012.10.27"]
[WhiteTeam "MATRIKA ZVO - SD STARI TRG OB KOLPI"]
[BlackTeam "SK TRZIN"]

1. e4 d5 2. exd5 Qxd5 3. Nf3 a6 4. d4 Bg4 5. Be2 Nf6 6. O-O e6 7. Be3 Be7 8. c4
Qd6 9. Nc3 O-O 10. h3 Bh5 11. Ne5 Bxe2 12. Qxe2 Nc6 13. c5 Nxd4 14. cxd6 Nxe2+
15. Nxe2 cxd6 16. Nf3 d5 17. Rfc1 Rfc8 18. Rxc8+ Rxc8 19. Rc1 Rxc1+ 20. Nxc1
Ne4 21. Kf1 Kf8 22. Ke2 Ke8 23. Nb3 Kd7 24. Ne5+ Ke8 25. Nd3 Kd7 26. Nbc5+ Nxc5
27. Bxc5 Bf6 28. b3 Kc6 29. Bf8 b6 30. f4 g6 31. Kf3 h5 32. Ne5+ Bxe5 33. fxe5
a5 34. Kf4 b5 35. b4 a4 36. Bc5 1-0

[Event "II. CLANSKA LIGA ZAHOD 2012"]
[Site " Ljubljana"]
[Date "2012.10.27"]
[Round "7.5"]
[White "Mihelic, Mitja"]
[Black "Bedic, Slavko"]
[Result "0-1"]
[WhiteElo "1682"]
[BlackElo "2000"]
[PlyCount "108"]
[EventDate "2012.10.27"]
[WhiteTeam "SK TRZIN"]
[BlackTeam "MATRIKA ZVO - SD STARI TRG OB KOLPI"]

1. d4 d5 2. Nf3 Nf6 3. e3 e6 4. Bd3 c5 5. c3 Nc6 6. O-O Be7 7. Nbd2 Qc7 8. e4
cxd4 9. Nxd4 dxe4 10. Nxe4 Bd7 11. Nb5 Qb8 12. Nxf6+ Bxf6 13. Be4 Be7 14. Nd4
Qc7 15. Nxc6 Bxc6 16. Qf3 Bxe4 17. Qxe4 O-O 18. Be3 Rfd8 19. Rfd1 a6 20. Qf3
Bf6 21. Rxd8+ Rxd8 22. Rd1 Rd7 23. h3 h6 24. Rxd7 Qxd7 25. Qe2 Qd5 26. a3 Qe4
27. Qd2 Kh7 28. Qc1 Be5 29. f3 Qc4 30. Qd2 f5 31. f4 Bb8 32. Bd4 Qd5 33. Qf2
Qe4 34. g3 g5 35. Be3 Kg6 36. Kh2 e5 37. fxe5 Bxe5 38. Qd2 f4 39. gxf4 gxf4 40.
Bf2 f3+ 41. Kh1 Qb1+ 42. Qe1 Qf5 43. Qg1+ Kh5 44. Qf1 Qf4 45. Qg1 Qe4 46. Qg3
Qb1+ 47. Bg1 Qg6 48. Qxg6+ Kxg6 49. Bf2 Kf5 50. Be3 h5 51. Kg1 Ke4 52. Bc5 Bg3
53. b4 Kd3 54. Bd4 Ke2 0-1

[Event "II. CLANSKA LIGA ZAHOD 2012"]
[Site " Ljubljana"]
[Date "2012.10.27"]
[Round "7.6"]
[White "Turkovic, Igor"]
[Black "Varga, Ivan"]
[Result "1-0"]
[WhiteElo "1901"]
[BlackElo "1512"]
[PlyCount "55"]
[EventDate "2012.10.27"]
[WhiteTeam "MATRIKA ZVO - SD STARI TRG OB KOLPI"]
[BlackTeam "SK TRZIN"]

1. d4 e6 2. c4 c5 3. d5 Bd6 4. Nc3 Be5 5. Bd2 a6 6. a4 Qb6 7. Qc2 Nf6 8. Nf3
Bc7 9. e4 exd5 10. e5 Qe6 11. O-O-O Ng4 12. cxd5 Qb6 13. Bf4 Qb4 14. Bg3 Bd8
15. h3 Nh6 16. Bd3 b5 17. Rhe1 g6 18. e6 dxe6 19. dxe6 Bxe6 20. Rxe6+ fxe6 21.
Bxg6+ hxg6 22. Qxg6+ Nf7 23. Qxe6+ Kf8 24. Ne5 Rh7 25. Nxf7 Be7 26. Ne5 bxa4
27. Ng6+ Ke8 28. Qg8+ 1-0

[Event "II. CLANSKA LIGA ZAHOD 2012"]
[Site " Ljubljana"]
[Date "2012.10.27"]
[Round "7.1"]
[White "Kodric, Vladimir"]
[Black "Bajzelj, Primoz"]
[Result "1/2-1/2"]
[WhiteElo "1946"]
[BlackElo "2049"]
[PlyCount "148"]
[EventDate "2012.10.27"]
[WhiteTeam "SK LOSKA DOLINA"]
[BlackTeam "SD SIMP RADOVLJICA"]

1. d4 Nf6 2. Bf4 e6 3. c3 d5 4. Nf3 Nbd7 5. Nbd2 Be7 6. h3 c5 7. e3 Qb6 8. Qb3
O-O 9. Be2 Qxb3 10. axb3 Nb6 11. Bd3 Bd7 12. O-O Rfc8 13. Ra2 a6 14. Re1 cxd4
15. exd4 Bb5 16. Bf1 Bxf1 17. Kxf1 Nfd7 18. Ke2 Rc6 19. Kd3 Rac8 20. Ra5 Bf8
21. Raa1 h6 22. Ne5 Nxe5+ 23. Bxe5 Be7 24. Bh2 Bf8 25. Nf3 f6 26. g4 Kf7 27.
Nh4 Bd6 28. Bxd6 Rxd6 29. f4 g5 30. Ng2 Nd7 31. Rf1 Kg7 32. Rae1 Re8 33. Ne3
Rf8 34. Rf2 b5 35. b4 gxf4 36. Rxf4 Kg6 37. Ref1 Re8 38. R4f2 Rc8 39. Ng2 Re8
40. Nf4+ Kf7 41. Nh5 e5 42. dxe5 Nxe5+ 43. Kc2 Nd7 44. Rd1 Re4 45. Ng3 Re5 46.
Nf5 Rde6 47. Nxh6+ Kg6 48. Nf5 Nb6 49. b3 Re1 50. Nh4+ Kg7 51. Nf5+ Kg6 52. Kd2
R1e4 53. Rdf1 Nd7 54. Nd4 Rd6 55. Rf5 Re5 56. Nf3 Re4 57. Rh5 d4 58. Nxd4
Rdxd4+ 59. cxd4 Rxd4+ 60. Kc3 Re4 61. Rf3 Ne5 62. Rxe5 Rxe5 63. Kd4 Re1 64. Kd5
Re2 65. Kd6 Rd2+ 66. Kc6 Rc2+ 67. Kb6 Ra2 68. Rf5 Ra3 69. Rh5 Rxb3 70. Kxa6
Rxb4 71. Ka5 Rf4 72. Rxb5 f5 73. Rb6+ Kg5 74. Rb5 Kg6 1/2-1/2

[Event "II. CLANSKA LIGA ZAHOD 2012"]
[Site " Ljubljana"]
[Date "2012.10.27"]
[Round "7.2"]
[White "Buha, Drago"]
[Black "Drobnic, Janez"]
[Result "1-0"]
[WhiteElo "2011"]
[BlackElo "1779"]
[PlyCount "135"]
[EventDate "2012.10.27"]
[WhiteTeam "SD SIMP RADOVLJICA"]
[BlackTeam "SK LOSKA DOLINA"]

1. e4 c6 2. d4 d5 3. e5 Bf5 4. Be3 Qb6 5. b3 e6 6. Nf3 h6 7. Be2 Bh7 8. O-O Ne7
9. Nc3 Nf5 10. Na4 Nxe3 11. Nxb6 Nxd1 12. Nxa8 Nc3 13. Bd3 Bxd3 14. cxd3 Kd7
15. a4 Na6 16. a5 Be7 17. Nb6+ axb6 18. axb6 Bd8 19. Kh1 Bxb6 20. h3 Nb5 21.
Ra4 Nc3 22. Ra3 Rg8 23. Re1 g5 24. g4 Bd8 25. Rc1 Nb5 26. Ra4 Be7 27. Kg2 Rh8
28. Rc2 Nb4 29. Rd2 Nc3 30. Ra1 Nb5 31. Ra4 Na6 32. Rc2 Nb4 33. Rd2 Kc7 34. Ra1
b6 35. Kf1 Kb7 36. Ke2 h5 37. Ke3 hxg4 38. hxg4 Rh3 39. Ke2 Rxf3 40. Kxf3 Nxd4+
41. Kg3 Nxb3 42. Rad1 Nxd2 43. Rxd2 c5 44. f4 gxf4+ 45. Kxf4 Nc6 46. Rh2 b5 47.
Rh7 Nd8 48. g5 b4 49. g6 fxg6 50. Rxe7+ Kc6 51. Ke3 b3 52. Kd2 d4 53. Rg7 g5
54. Kc1 g4 55. Kb2 Nb7 56. Kxb3 Na5+ 57. Ka4 Nb7 58. Rxg4 Kd5 59. Rg7 c4 60.
dxc4+ Kxc4 61. Rxb7 Kd5 62. Rb5+ Kc4 63. Rb7 Kd5 64. Kb4 Kxe5 65. Kc4 Ke4 66.
Rb1 e5 67. Re1+ Kf4 68. Kd3 1-0

[Event "II. CLANSKA LIGA ZAHOD 2012"]
[Site " Ljubljana"]
[Date "2012.10.27"]
[Round "7.3"]
[White "Stanic, Vitko"]
[Black "Razinger, Igor"]
[Result "1/2-1/2"]
[WhiteElo "1796"]
[BlackElo "2031"]
[PlyCount "67"]
[EventDate "2012.10.27"]
[WhiteTeam "SK LOSKA DOLINA"]
[BlackTeam "SD SIMP RADOVLJICA"]

1. d4 Nf6 2. Nf3 g6 3. g3 Bg7 4. Bg2 O-O 5. O-O d6 6. Nbd2 c6 7. e4 Qc7 8. Re1
e5 9. c3 Nbd7 10. a4 b6 11. b3 Ba6 12. Bb2 Rad8 13. Qc2 Rfe8 14. Rad1 h6 15. h3
c5 16. d5 Nf8 17. c4 Bc8 18. Nf1 Bd7 19. Bc1 Qc8 20. Kh2 Nh5 21. Ng1 Nh7 22. f3
f5 23. Qe2 f4 24. g4 N5f6 25. h4 Bf8 26. Bh3 a5 27. Rd3 Be7 28. Qf2 Kf7 29.
Red1 Rh8 30. Bd2 Rde8 31. Be1 Qd8 32. Kh1 Qc8 33. Qg2 Qd8 34. Qf2 1/2-1/2

[Event "II. CLANSKA LIGA ZAHOD 2012"]
[Site " Ljubljana"]
[Date "2012.10.27"]
[Round "7.4"]
[White "Krivec, Metod"]
[Black "Loknar, Kresimir"]
[Result "1-0"]
[WhiteElo "1825"]
[BlackElo "1707"]
[PlyCount "87"]
[EventDate "2012.10.27"]
[WhiteTeam "SD SIMP RADOVLJICA"]
[BlackTeam "SK LOSKA DOLINA"]

1. d4 e6 2. c4 Bb4+ 3. Nd2 c5 4. e3 cxd4 5. exd4 Nf6 6. Bd3 O-O 7. Ngf3 d5 8.
c5 b6 9. cxb6 Qxb6 10. O-O Ba6 11. Nb3 Nc6 12. Be3 Bxd3 13. Qxd3 Ne4 14. Ne5
Qb7 15. Rac1 Rac8 16. a3 Nxe5 17. dxe5 Be7 18. f3 d4 19. Bxd4 Rb8 20. Na5 Nc5
21. Bxc5 Bxc5+ 22. Rxc5 Qxb2 23. Qc3 Qb6 24. Kh1 g6 25. h3 Qa6 26. Rc1 Qe2 27.
Qc2 Qe3 28. Nc6 Rb7 29. a4 Kg7 30. Qc3 Qf2 31. Qd4 Qe2 32. R5c2 Qa6 33. Qc4 Qb6
34. a5 Qe3 35. Qd4 Qa3 36. h4 a6 37. Qf4 Rb3 38. Qf6+ Kh6 39. Qg5+ Kg7 40. h5
f6 41. exf6+ Kh8 42. hxg6 Rb5 43. g7+ Kg8 44. gxf8=Q+ 1-0